000 00627nam a22002417a 4500
999 _c319414
_d319414
001 32959
003 UA-OsUOA
005 20200322190845.0
007 ta
008 20050224b un ||||| |||| 00| 0 ukr d
020 _a5947235021
040 _aUA-OsUOA
_brus
_cUA-OsUOA
_dUA-OsUOA
041 _arus
044 _aRU
080 _a339.138+658
090 _a339.138+658
_bМ15
245 _aМакиавелли, маркетинг и менеджмент
_cред. Ф. Харрис, Э. Лок, П. Рис
260 _aСПб.
_bПитер
_c2004
300 _a272 с.
650 7 _2UDC
942 _cBK
_2udc
955 _a0